| 000 | 02488nam2a22003851 4500 | ||
|---|---|---|---|
| 001 | rc\540560 | ||
| 005 | 20250621165956.0 | ||
| 035 | _a(NLR Aleph) 005818389 | ||
| 090 |
_a5453612 _c5453612 |
||
| 100 | _a20030616d1987 |||y0rusy50 ca | ||
| 101 | 0 | _arus | |
| 102 | _aRU | ||
| 105 | _aa ||||||||| | ||
| 200 | 1 |
_a[Повести. Рассказы _fПримеч. В. Линкова] |
|
| 210 |
_d1987 _aБ. м. |
||
| 215 |
_a526, [2] с., [4] л. цв. ил. _d21 |
||
| 320 | _aБиблиогр. в примеч.: с. 511-527 | ||
| 327 | 1 | _aСодерж.: Севастополь в декабре месяце; Севастополь в мае; Севастополь в августе 1855 года; Два гусара; Из записок князя Д. Нехлюдова. Люцерн; Альберт; Три смерти; Семейное счастье; Поликушка; Неоконченное | |
| 461 | 1 | 0 |
_1001rc\540558 _12001#$aСобрание сочинений$eВ 12 т.$fЛ.Н. Толстой$g[Под общ. ред. С.А. Макашина, Л.Д. Опульской$gВступ. ст. Л.Опульской, с. 3-38$gИл. П. Пинкисевича]$vТ. 2 _1700#1$aТолстой$bЛ. Н.$gЛев Николаевич$f1828-1910$3RU\NLR\AUTH\771515 _95453595 _aТолстой, Л. Н. (1828-1910) _cМ. _d1987- _fЛ.Н. Толстой _nПравда _oВ 12 т. _tСобрание сочинений _vТ. 2 |
| 464 | 0 |
_12001#$aСевастополь в декабре месяце _tСевастополь в декабре месяце |
|
| 464 | 0 |
_12001#$aСевастополь в мае _tСевастополь в мае |
|
| 464 | 0 |
_12001#$aСевастополь в августе 1855 года _tСевастополь в августе 1855 года |
|
| 464 | 0 |
_12001#$aДва гусара _tДва гусара |
|
| 464 | 0 |
_12001#$aИз записок князя Д. Нехлюдова. Люцерн _tИз записок князя Д. Нехлюдова. Люцерн |
|
| 464 | 0 |
_12001#$aАльберт _tАльберт |
|
| 464 | 0 |
_12001#$aТри смерти _tТри смерти |
|
| 464 | 0 |
_12001#$aСемейное счастье _tСемейное счастье |
|
| 464 | 0 |
_12001#$aПоликушка _tПоликушка |
|
| 464 | 0 |
_12001#$aНеоконченное _tНеоконченное |
|
| 801 | 0 |
_aRU _bNLR _gpsbo |
|
| 801 | 1 |
_aRU _bELAR _2rusmarc |
|
| 852 |
_aNLR _j87-3/933 |
||
| 942 | _cBOOK | ||
| 980 | _aNB | ||